000 01195cam a2200265 i 4500
003 SA-RiAUC
005 20250702053830.0
008 250701s1987 su g 00000 ara c
040 _aSA-RiAUC
_bara
_cSA-RiAUC
_erda
043 _aa-su---
082 0 4 _a305.4
_qSA-RiAUC
090 _a305.4
_bح ل و
100 1 _aحلواني، إبتسام عبد الرحمن صالح
_eمؤلف.
245 1 0 _aعمل المرأة السعودية ومشكلات على طريق العطاء /
_cابتسام عبد الرحمن حلواني.
264 1 _aجدة، السعودية :
_bدار عكاظ للطباعة والنشر،
_c1987
300 _a191 صفحة ؛
_c24 سم
336 _aنص
_btxt
_2rdacontent
_3كتاب
337 _aبدون وسيط
_bn
_2rdamedia
338 _aمجلد
_bnc
_2rdacarrier
500 _aأصل هذا الكتاب أطروحة (دكتوراة)-جامعة كلير مونت، الولايات المتحدة الأمريكية، 1982 م.
650 7 _aالنساء
_zالسعودية
_xأحوال اجتماعية
_2aucsh
650 7 _aالمرأة العاملة
_zالسعودية
_2aucsh
942 _2ddc
_cBOOK
_n0
949 _aSA-JeALM
_d250701
_umohamedma123
_n1
999 _c9375
_d9375